=LDR 00000nam 2200000 4500 =001 INLIS000000000021794 =005 20130612120622 =008 ***********************************Ind** =035 ##$$0010-061300000021794 =041 ##$$a Ind =082 ##$$a 651.75 =090 ##$$a 651.75, Pra-t =100 ##$$a PRATAMA Z, Ammar =245 ##$$a Teknik menulis surat menyurat lenngkap, Ammar Pratama Z =260 ##$$a 2000 $b Yogyakarta =300 ##$$a vii, 189 hlm., ilus, 21 cm =650 ##$$a Surat-menyurat =850 ##$$a NBPNMAT